000 00894cam a2200241 4500
001 ABS65856
008 020910n2002 000 0 eng u
035 _a(Sirsi) u119633
100 _aThomson, J.
245 2 _aA general duty to prevent pure economic loss?
260 _c2002
490 _aScots Law Times
_v(27) 30 August 2002, 225-228(4)
520 _aDiscusses the criteria, including the effect of a disclaimer of responsibility, for the imposition of a duty of care to prevent pure economic loss, in the light of two recent Outer House decisions, in particular Bank of Scotland v Fuller Peiser, 2002 SLT 574 [SLT]
590 _aABS
650 _aBANK OF SCOTLAND V FULLER PEISER
650 _aDELICT
650 _aDONOGHUE V STEVENSON
650 _aDUTY OF CARE
650 _aHENDERSON V MERRETT SYNDICATES LTD
650 _aSCOTS LAW
690 _aLAW-UK
942 _n0
999 _c71113
_d71113